Sparks and Taylor's Nursing Diagnosis Pocket Guide (Record no. 4614)

MARC details
000 -LEADER
fixed length control field 00610nam a22002057a 4500
003 - CONTROL NUMBER IDENTIFIER
control field OSt
005 - DATE AND TIME OF LATEST TRANSACTION
control field 20191021134538.0
008 - FIXED-LENGTH DATA ELEMENTS--GENERAL INFORMATION
fixed length control field 160701b xxu||||| |||| 00| 0 eng d
020 ## - INTERNATIONAL STANDARD BOOK NUMBER
International Standard Book Number 9781582557335
040 ## - CATALOGING SOURCE
Transcribing agency DNLM
082 ## - DEWEY DECIMAL CLASSIFICATION NUMBER
Classification number WY18 R11s 2011
100 ## - MAIN ENTRY--PERSONAL NAME
Personal name Sparks, Ralph Sheila; Taylor, Cynthia M.
9 (RLIN) 9921
245 ## - TITLE STATEMENT
Title Sparks and Taylor's Nursing Diagnosis Pocket Guide
260 ## - PUBLICATION, DISTRIBUTION, ETC. (IMPRINT)
Place of publication, distribution, etc. Philadelphia; Wolters Kluwer, c2011
300 ## - PHYSICAL DESCRIPTION
Extent xxiii,488p; col.ill: 18cm
504 ## - BIBLIOGRAPHY, ETC. NOTE
Bibliography, etc Appendice, & index included
650 ## - SUBJECT ADDED ENTRY--TOPICAL TERM
Topical term or geographic name as entry element Nursing proceedures
9 (RLIN) 7359
650 ## - SUBJECT ADDED ENTRY--TOPICAL TERM
Topical term or geographic name as entry element Nursing Diagnosis
9 (RLIN) 6489
942 ## - ADDED ENTRY ELEMENTS (KOHA)
Source of classification or shelving scheme Other/Generic Classification Scheme
Koha item type Open Shelf
Holdings
Withdrawn status Lost status Source of classification or shelving scheme Damaged status Not for loan Home library Current library Date acquired Source of acquisition Inventory number Total Checkouts Full call number Barcode Date last seen Koha item type
    Other/Generic Classification Scheme     MUST Main Library MUST Main Library 01/07/2016   14/37992   WY18 R11s 2011 2016-2967 01/07/2016 Open Shelf
    Other/Generic Classification Scheme     MUST Main Library MUST Main Library 01/07/2016   14/37993   WY18 R11s 2011 2016-2968 01/07/2016 Open Shelf